Biblioteca

Building trust between pastor and congregation (Registro nro. 69365)

Detalles MARC
000 -LÍDER
Campo fijo de descripción fija 01133nab a22002177i 4500
001 - NÚMERO DE CONTROL
Campo de control 768714001
003 - IDENTIFICADOR DEL NÚMERO DE CONTROL
Campo de control CO-MdFUSB
005 - FECHA Y HORA DE LA ULTIMA TRANSACCIÓN
control field 20240426092817.0
008 - ELEMENTOS DE LONGITUD FIJA -- INFORMACIÓN GENERAL
Campo fijo de descripción fija -- Información general 240425t1980 us ||||| |||| 00| 0 eng d
040 ## - FUENTE DE CATALOGACIÓN
Idioma de catalogación spa
Agencia que realiza la transcripción CO-MdFUSB
Agencia que realiza la modificación CO-MdFUSB
041 ## - CÓDIGO DE IDIOMA
Código de idioma para texto/pista de sonido o título separado eng
100 ## - ASIENTO PRINCIPAL--NOMBRE PERSONAL
Nombre personal Price, Roy,
Término relacionador autor
245 ## - TÍTULO
Título Building trust between pastor and congregation
Mención de responsabilidad / Roy C. Price
300 ## - DESCRIPCIÓN FÍSICA
Extensión Volumen 1, número 2 (spring, 1980), páginas: 47 - 53
Dimensiones ; 27 cm
520 ## - NOTA DE RESUMEN, ETC.
Nota de sumario, etc. Construyendo confianza entre el pastor y la congregación, expone la deshonestidad, la inconsistencia y el distanciamiento impiden seriamente la confianza de una congregación en su pastor. La crítica sin restricciones y la insensibilidad general de la congregación pueden ser igualmente destructivas. Es tarea de ambas partes velar por que se desarrolle la confianza en la iglesia.<br/>
546 ## - NOTA DE IDIOMA
Nota de idioma Texto en inglés
650 #7 - ASIENTO SECUNDARIO DE MATERIA - TERMINO TEMÁTICO
Término temático o nombre geográfico como elemento de entrada Ética cristiana
9 (RLIN) 185
650 #7 - ASIENTO SECUNDARIO DE MATERIA - TERMINO TEMÁTICO
Término temático o nombre geográfico como elemento de entrada Teología pastoral y unidad cristiana
9 (RLIN) 7183
773 0# - ASIENTO DE ITEM FUENTE
Biblionumber 68780
Itemnumber 82544
Otro identificador del ítem R2478
Título Leadership :
Número de control del registro (CO-MdFUSB)768714001
Parte(s) relacionada(s) / Volumen., número. (mes año), páginas Volumen 1, número 2 (spring, 1980), páginas: 47 - 53
Enumeración y primera página página: 47
942 ## - TIPO DE MATERIAL (KOHA)
Tipo de Item KOHA Artículos de Revista

No hay ítems disponibles.

Biblioteca FUSBC | Teléfono: (57+4) 349 88 10 Ext. 141| WhatsApp (+57) 3005338115 
E-mail: biblioteca@unisbc.edu.co | Calle 76 87-14 Robledo Palenque, Medellín, Colombia

Con tecnología Koha